000 00948cam a22003017a 4500
003 CHAP
005 20220817042806.0
008 971013s1969 r 00010 d
010 _a55821
011 _a56793
035 _a60946
040 _cCHAP
082 _a330
_bS44Y
100 0 0 _aShackle, G. L. S.
_9105442
245 1 3 _aLa naturaleza del pensamiento económico
_b: escritos escogidos, 1955-1964
260 _aMéxico, D.F. :
_bFondo de Cultura Económica,
_c1969
300 _a318 p.
490 0 _aSección de obras de economía
590 _aBATCH-UPD
_b10
_c20130110
_lUCH01
_h1532
590 _aBATCH-UPD
_b10
_c20130410
_lUCH01
_h0938
590 _aBATCH-UPD
_b10
_c20130914
_lUCH01
_h1231
590 _aCONVERSION
_b10
_c20130109
_lUCH01
_h1330
650 1 4 _aEconomía.
_935226
830 0 _aSección de obras de economía
901 _aBK
942 _cLIBRO
949 _a330 S44Y
_bBC
_cLIBRO
_d33724000305470
_eLIBRO
_h40386
_i60946
_si
999 _c55821
_d55821